=LDR 00000nam 2200000 4500 =001 INLIS000000000009134 =005 20130612100944 =008 ***********************************Ind** =035 ##$$a0010-061300000009134 =041 ##$$a Ind =082 ##$$a 630.04 =090 ##$$a 630.04, jaf.d =100 ##$$a Jafaruddin =245 ##$$a Dasar-dasar perlindungan tanaman(umum), Djafaruddin =260 ##$$a 2001 $b Jakarta =300 ##$$a ix, 120 hlm, 21 cm =650 ##$$a Tanaman-perlindungan =850 ##$$a NBPNMAT =990 ##$$a 0001/BPAP-NTB/20142014